Länder, die an die Nachbarländer von Deutschland Grenzen - Statistiken

Allgemein
  • Dieses Quiz wurde 130 mal gespielt
  • Das Durchschnittsergebnis liegt bei 19 aus 22
Antwortstatistiken
Antwort % Korrekt
Spanien
97%
Italien
95%
Liechtenstein
95%
Slowakei
95%
Slowenien
92%
Ungarn
92%
Andorra
86%
Frankreich
86%
Tschechien
86%
Luxemburg
85%
Österreich
85%
Polen
85%
Litauen
84%
Russland
84%
Schweiz
84%
Belgien
83%
Ukraine
83%
Niederlande
82%
Belarus
81%
Dänemark
81%
Monaco
81%
Deutschland
47%
Keine übereinstimmenden Quizze gefunden
Verteilung der Resultate
Anzahl Personen mit jedem Resultat
Perzentil nach korrekt beantworteten Fragen
Ihre Resultats-Entwicklung
Sie haben dieses Quiz noch nicht gespielt